000 00267nam a22001217a 4500
008 181106b xxu||||| |||| 00| 0 eng d
041 _aeng
080 _24th
_a611
100 _a6
101 _aANA
245 _aPathologic Physiology
_cSodeman,W.A
942 _2udc
_cBK
999 _c51928
_d51928